00435nam a2200169Ia 450000500170000000800410001702000220005804000190008004100120009908200160011110000220012724500430014926000290019230000150022165000190023685000100025520240903113053.0131103s9999 xx 000 0 und d a817739018xcRs.42 aLoreto College aEnglish a891.43bSHA aSharma, Gangadutt aRashtrabhasha bharticGangadutt Sharma aNew DelhibAbichalc2001 aV.2b pic. aHindi language aLCBED